• 首页
  • 本馆介绍
  • 公告通知
  • 最新文献
  • 馆藏检索
  • 电子资源
  • 读者导购
  • 参考咨询
  • 我的图书馆
  • 登录
  • 详细信息显示
  • 放入我的书架
  • 预约/预借图书
  • 作者相关作品
  • 分类相关作品
  • 丛书相关作品
  • 出版社相关作品

书目信息

  • 表格格式
  • 工作单格式
  • 卡片格式
书名: Confronting AIDS
作者: Institute of Medicine, National Academy of Sciences.
分册号:
分册名:
出版地: Washington, D.C. :
 
出版社: National Academy Press
出版时间: 1988.
页数: x, 239 p. :
开本: 23 cm.
丛书名:
中图分类号:
科图分类号:
其他分类号: R512.91
主题词:
电子资源:
000 01500nam a2200361 a 450
001 E0737616702
005 20070425102818.23
008 880525s1988 dcua b f001 0 eng
010    @a88061558
020    @a0309038790 (pbk.).
035    @A(DLC) 88061558
040    @aDLC@cDLC@dDLC
043    @an-us---
050 00 @aRA644.A25@bI57 1988
082 00 @a362.1/9697/9200973@2 19
090    @aR512.91
099    @dR512.91@ex4
110 2  @aInstitute of Medicine (U.S.).
245 10 @aConfronting AIDS.@nUpdate 1988 / @cInstitute of Medicine, National Academy of Sciences.
260    @aWashington, D.C. :@bNational Academy Press,@c1988.
300    @ax, 239 p. :@bill. ;@c23 cm.
500    @aReport and recommendations prepared by the Committee for the Oversight of AIDS Activities of the Institute of Medicine.
504    @aIncludes bibliographies and index.
650  0 @aAIDS (Disease)@xPrevention@xGovernment policy@zUnited States.
650  0 @aAIDS (Disease)@xResearch@xGovernment policy@zUnited States.
650  0 @aAIDS (Disease)@zUnited States@xPrevention.
650  0 @aAIDS (Disease)@xResearch@zUnited States.
650  0 @aAIDS (Disease)@xTreatment@xGovernment policy@zUnited States.
650  0 @aAIDS (Disease)@xTreatment@zUnited States.
906    @a7@bcbc@corignew@d3@eopcn@f19@gy-gencatlg
922    @aadco
955    @abx24 to be00 07-18-88; be15 to SCD 07-26-88; ff04 08-16-88; fr12 09-12-88
991    @bc-GenColl@hRA644.A25@iI57 1988@tCopy 1@wBOOKS
    
    Confronting AIDS.. Update 1988 / / Institute of Medicine, National Academy of Sciences.-Washington, D.C. : : National Academy Press, , 1988.
    x, 239 p. : : ill. ; ; 23 cm.
    Report and recommendations prepared by the Committee for the Oversight of AIDS Activities of the Institute of Medicine.-Includes bibliographies and index.
    
    ISBN 0309038790 (pbk.).
    
●
相关链接 在E读中查询图书 在五车中查询图书 在当当中查询图书 在豆瓣中查询图书


正题名:Confronting AIDS     索取号:R512.91/x4         预约/预借

序号 登录号 条形码 馆藏地/架位号 状态 备注
1 4782   300047820   第二样本阅览室/ [索取号:R512.91/x4] 在馆    
2 4783   300047839   第四借阅区/ [索取号:R512.91/x4] 在馆    
3 4784   300047848   第四借阅区/ [索取号:R512.91/x4] 在馆    
唐山师范学院图书馆 欢迎您!
大连网信软件有限公司© 版权所有